ARRUPE JESUIT UNIVERSITY

CORONAVIRUS -STOP THE SPREAD - CLEAN,DISINFECT,COVER

Confirmation (Record no. 121031)

MARC details
000 -LEADER
fixed length control field 00547nam a22001697a 4500
008 - FIXED-LENGTH DATA ELEMENTS--GENERAL INFORMATION
fixed length control field 140930b xxu||||| |||| 00| 0 eng d
020 ## - INTERNATIONAL STANDARD BOOK NUMBER
International Standard Book Number 0809133709
050 ## - LIBRARY OF CONGRESS CALL NUMBER
Classification number BX2210.T87 1993
100 ## - MAIN ENTRY--PERSONAL NAME
Personal name Turner, Paul
9 (RLIN) 11907
245 ## - TITLE STATEMENT
Title Confirmation
Remainder of title the baby in solomon's court
Statement of responsibility, etc Paul Turner
260 ## - PUBLICATION, DISTRIBUTION, ETC. (IMPRINT)
Place of publication, distribution, etc New York
Name of publisher, distributor, etc Paulist Press
Date of publication, distribution, etc 1993
300 ## - PHYSICAL DESCRIPTION
Extent vi, 188p. ;
Dimensions 23cm.
650 ## - SUBJECT ADDED ENTRY--TOPICAL TERM
Topical term or geographic name as entry element Confirmation
General subdivision catholic church
9 (RLIN) 11908
650 ## - SUBJECT ADDED ENTRY--TOPICAL TERM
Topical term or geographic name as entry element Catholic Church
General subdivision liturgy
9 (RLIN) 11909
650 ## - SUBJECT ADDED ENTRY--TOPICAL TERM
Topical term or geographic name as entry element Confirmation
General subdivision comparative studies
9 (RLIN) 11910
942 ## - ADDED ENTRY ELEMENTS (KOHA)
Source of classification or shelving scheme Library of Congress Classification
Item type Monograph ( Printed materials)
Holdings
Withdrawn status Lost status Source of classification or shelving scheme Damaged status Not for loan Collection code Home library Current library Shelving location Date acquired Total Checkouts Full call number Barcode Date last seen Price effective from Koha item type
    Library of Congress Classification     Main Collection ARRUPE LIBRARY ARRUPE LIBRARY Main Collection 30/09/2014   BX2210.T87 1993 46500003862 22/11/2017 30/09/2014 Monograph ( Printed materials)

 

Arrupe Library. PO Box MP320 Mt Pleasant, Harare, Zimbabwe
263 242 745411|librarian@aju.ac.zw